000 00657nam a2200229Ia 4500
005 20241216011055.0
008 190212s9999||||xx |||||||||||||| ||und||
020 _a84-368-1250-6
082 _a659.29
_bV66
100 _aVILLAFAÑE, JUSTO
245 0 _aIMAGEN POSITIVA
_bGESTION ESTRATEGICA DE LA IMAGEN DE LAS EMPRESAS
250 _a0
260 _aMADRID-ESPAÑA
_bPIRAMIDE
_c2000
300 _a341 pag
_c22 cm
341 _h110
490 _v0
_a0
505 _aGESTION/DIMENSION/AUDITORIA/CONFIGURACION
541 _aC
_bLIBRERIA SN CRISTOBAL
_d27-Sep-02
_oSoles
650 _aCIENCIAS APLICADAS
856 _zCiencias Aplicadas
942 _cLIBRO
999 _c31908
_d31908